[Event "ODJM B 2024"]
[Site "Willingen GER"]
[Date "2024.05.22"]
[Round "5"]
[White "Eitel, Luc"]
[Black "Meyer, Henry Paul"]
[Result "1/2-1/2"]
[Termination "normal"]
[Board "17"]
[WhiteElo "1734"]
[BlackElo "1718"]
[WhiteClock "00:50:27"]
[BlackClock "00:13:55"]
[PlyCount "75"]
[WhiteFideId "16299728"]
[BlackFideId "34645802"]
[EventCountry "GER"]
[EventRounds "9"]
[EventType "swiss"]
[EventDate "2024.05.18"]

1. e4 {[%clk 01:30:52]} {[%emt 00:00:08]} c5 {[%clk 01:30:54]} {[%emt
00:00:06]} 2. Nf3 {[%clk 01:31:18]} {[%emt 00:00:04]} d6 {[%clk 01:31:18]}
{[%emt 00:00:07]} 3. d4 {[%clk 01:31:44]} {[%emt 00:00:04]} cxd4 {[%clk
01:31:41]} {[%emt 00:00:07]} 4. Nxd4 {[%clk 01:32:11]} {[%emt 00:00:03]} Nf6
{[%clk 01:32:01]} {[%emt 00:00:09]} 5. Nc3 {[%clk 01:32:35]} {[%emt 00:00:06]}
g6 {[%clk 01:32:23]} {[%emt 00:00:07]} 6. Be3 {[%clk 01:32:38]} {[%emt
00:00:27]} Bg7 {[%clk 01:32:43]} {[%emt 00:00:10]} 7. f3 {[%clk 01:32:50]}
{[%emt 00:00:19]} O-O {[%clk 01:32:39]} {[%emt 00:00:34]} 8. Bc4 {[%clk
01:32:51]} {[%emt 00:00:29]} Nc6 {[%clk 01:32:09]} {[%emt 00:01:00]} 9. Qd2
{[%clk 01:31:20]} {[%emt 00:02:02]} Nxd4 {[%clk 01:31:24]} {[%emt 00:01:15]}
10. Bxd4 {[%emt 00:01:08]} Bd7 {[%clk 01:29:26]} {[%emt 00:01:55]} 11. g4
{[%clk 01:29:47]} {[%emt 00:01:56]} Rc8 {[%clk 01:23:35]} {[%emt 00:06:21]} 12.
Bb3 {[%clk 01:26:10]} {[%emt 00:04:08]} Qa5 {[%clk 01:20:09]} {[%emt 00:03:54]}
13. Nd5 {[%clk 01:11:35]} {[%emt 00:15:07]} Qxd2+ {[%clk 01:18:50]} {[%emt
00:01:49]} 14. Kxd2 {[%clk 01:11:40]} {[%emt 00:00:23]} Nxd5 {[%clk 01:18:11]}
{[%emt 00:01:11]} 15. Bxg7 {[%clk 01:11:49]} {[%emt 00:00:21]} Kxg7 {[%clk
01:18:30]} {[%emt 00:00:10]} 16. Bxd5 {[%clk 01:11:46]} {[%emt 00:00:34]} Bc6
{[%clk 01:17:40]} {[%emt 00:01:19]} 17. Bxc6 {[%clk 01:11:40]} {[%emt
00:00:37]} Rxc6 {[%clk 01:17:48]} {[%emt 00:00:22]} 18. Rhe1 {[%clk 01:09:58]}
{[%emt 00:02:12]} Rfc8 {[%clk 01:13:41]} {[%emt 00:04:36]} 19. c3 {[%clk
01:09:27]} {[%emt 00:01:03]} b5 {[%clk 01:12:23]} {[%emt 00:01:47]} 20. a3
{[%clk 01:09:50]} {[%emt 00:00:07]} g5 {[%clk 01:04:07]} {[%emt 00:08:46]} 21.
Rad1 {[%clk 01:08:14]} {[%emt 00:02:05]} h5 {[%clk 00:52:55]} {[%emt 00:11:42]}
22. h3 {[%clk 01:07:11]} {[%emt 00:01:33]} hxg4 {[%clk 00:48:30]} {[%emt
00:04:56]} 23. hxg4 {[%clk 01:07:18]} {[%emt 00:00:23]} Rh8 {[%clk 00:48:07]}
{[%emt 00:00:51]} 24. Rh1 {[%clk 01:06:55]} {[%emt 00:00:54]} Rcc8 {[%clk
00:47:34]} {[%emt 00:01:03]} 25. Ke3 {[%clk 01:06:26]} {[%emt 00:01:00]} Rxh1
{[%clk 00:43:20]} 26. Rxh1 {[%clk 01:04:09]} {[%emt 00:07:31]} a5 {[%clk
00:41:36]} {[%emt 00:02:14]} 27. Rd1 {[%clk 01:04:03]} {[%emt 00:00:36]} Kf6
{[%clk 00:40:57]} {[%emt 00:01:07]} 28. Rd5 {[%clk 01:02:29]} {[%emt 00:02:04]}
Rc5 {[%clk 00:40:21]} {[%emt 00:01:06]} 29. Rd4 {[%clk 00:56:15]} {[%emt
00:06:46]} a4 {[%clk 00:31:35]} {[%emt 00:09:16]} 30. Rd1 {[%clk 00:56:12]}
{[%emt 00:00:33]} Ke5 {[%clk 00:30:46]} {[%emt 00:01:18]} 31. Rf1 {[%clk
00:55:30]} {[%emt 00:01:13]} e6 {[%clk 00:26:53]} {[%emt 00:04:19]} 32. Rd1
{[%clk 00:53:55]} {[%emt 00:02:09]} Rc4 {[%clk 00:24:11]} {[%emt 00:03:09]} 33.
Rd4 {[%clk 00:53:15]} {[%emt 00:01:12]} d5 {[%clk 00:22:31]} {[%emt 00:02:08]}
34. exd5 {[%clk 00:51:19]} {[%emt 00:02:29]} Rxd4 {[%clk 00:20:18]} {[%emt
00:02:43]} 35. cxd4+ {[%clk 00:51:41]} {[%emt 00:00:07]} Kxd5 {[%clk 00:20:41]}
{[%emt 00:00:07]} 36. Kd3 {[%clk 00:52:03]} {[%emt 00:00:09]} f6 {[%clk
00:18:32]} {[%emt 00:02:37]} 37. Kc3 {[%clk 00:52:20]} {[%emt 00:00:15]} f5
{[%clk 00:13:55]} {[%emt 00:05:07]} 38. Kd3 {[%clk 00:50:27]} {[%emt 00:02:23]}
1/2-1/2

[Event "ODJM B 2024"]
[Site "Willingen GER"]
[Date "2024.05.22"]
[Round "5"]
[White "Fettig, Michel"]
[Black "Grunert, Heinrich"]
[Result "0-1"]
[Termination "normal"]
[Board "18"]
[WhiteElo "1680"]
[BlackElo "1668"]
[WhiteClock "00:48:53"]
[BlackClock "00:25:35"]
[PlyCount "50"]
[WhiteFideId "34608982"]
[BlackFideId "16213416"]
[EventCountry "GER"]
[EventRounds "9"]
[EventType "swiss"]
[EventDate "2024.05.18"]

1. c4 {[%clk 01:30:58]} {[%emt 00:00:02]} e5 {[%clk 01:30:56]} {[%emt
00:00:05]} 2. g3 {[%clk 01:31:24]} {[%emt 00:00:04]} d5 {[%clk 01:31:12]}
{[%emt 00:00:13]} 3. cxd5 {[%clk 01:25:41]} {[%emt 00:06:12]} Qxd5 {[%clk
01:31:33]} {[%emt 00:00:09]} 4. Nf3 {[%clk 01:26:03]} {[%emt 00:00:09]} Nc6
{[%clk 01:31:51]} {[%emt 00:00:13]} 5. Nc3 {[%clk 01:26:12]} {[%emt 00:00:20]}
Qd8 {[%clk 01:32:15]} {[%emt 00:00:06]} 6. Bg2 {[%clk 01:26:18]} {[%emt
00:00:23]} Nf6 {[%emt 00:00:32]} 7. d3 {[%clk 01:26:11]} {[%emt 00:00:21]} Bd6
{[%clk 01:31:36]} {[%emt 00:01:24]} 8. O-O {[%clk 01:26:07]} {[%emt 00:00:34]}
O-O {[%clk 01:31:25]} {[%emt 00:00:41]} 9. Bg5 {[%clk 01:25:54]} {[%emt
00:00:44]} h6 {[%clk 01:31:39]} {[%emt 00:00:16]} 10. Be3 {[%clk 01:21:37]}
{[%emt 00:04:47]} Bf5 {[%clk 01:30:55]} {[%emt 00:01:15]} 11. d4 {[%clk
01:16:15]} {[%emt 00:05:51]} Ng4 {[%clk 01:16:22]} {[%emt 00:15:03]} 12. Bc1
{[%clk 01:11:50]} {[%emt 00:04:55]} e4 {[%clk 01:05:13]} {[%emt 00:11:39]} 13.
Nh4 {[%clk 01:10:50]} {[%emt 00:01:30]} Bh7 {[%clk 00:51:17]} {[%emt 00:14:26]}
14. Nxe4 {[%clk 01:11:08]} {[%emt 00:00:11]} Bxe4 {[%clk 00:49:16]} {[%emt
00:02:31]} 15. Bxe4 {[%clk 01:11:19]} {[%emt 00:00:20]} Nxh2 {[%clk 00:49:25]}
{[%emt 00:00:21]} 16. Re1 {[%clk 01:10:40]} {[%emt 00:01:10]} Ng4 {[%clk
00:44:48]} {[%emt 00:05:06]} 17. e3 {[%clk 01:09:56]} {[%emt 00:01:14]} h5
{[%clk 00:36:05]} {[%emt 00:09:13]} 18. Qb3 {[%clk 01:08:34]} {[%emt 00:01:53]}
Nxf2 {[%clk 00:28:05]} {[%emt 00:08:29]} 19. Kxf2 {[%clk 00:53:40]} {[%emt
00:15:24]} Bxg3+ {[%clk 00:28:14]} {[%emt 00:00:20]} 20. Kxg3 {[%clk 00:52:24]}
{[%emt 00:01:46]} Qg5+ {[%clk 00:28:36]} {[%emt 00:00:09]} 21. Kf2 {[%clk
00:50:07]} {[%emt 00:02:47]} Qxh4+ {[%clk 00:28:52]} {[%emt 00:00:13]} 22. Ke2
{[%clk 00:49:59]} {[%emt 00:00:39]} Qxe4 {[%clk 00:29:14]} {[%emt 00:00:08]}
23. Qc3 {[%clk 00:49:43]} {[%emt 00:00:46]} Rfe8 {[%clk 00:28:02]} {[%emt
00:01:42]} 24. Rd1 {[%clk 00:49:24]} {[%emt 00:00:49]} Rad8 {[%clk 00:26:43]}
{[%emt 00:01:49]} 25. Kd2 {[%clk 00:48:53]} {[%emt 00:01:01]} Nxd4 {[%clk
00:25:35]} {[%emt 00:01:38]} 0-1

[Event "ODJM B 2024"]
[Site "Willingen GER"]
[Date "2024.05.22"]
[Round "5"]
[White "Er, Sadik Bugra"]
[Black "Prashanthakumar, Arju"]
[Result "1-0"]
[Termination "normal"]
[Board "19"]
[WhiteElo "1688"]
[BlackElo "1668"]
[WhiteClock "00:15:32"]
[BlackClock "00:06:49"]
[PlyCount "63"]
[WhiteFideId "34660410"]
[BlackFideId "34604065"]
[EventCountry "GER"]
[EventRounds "9"]
[EventType "swiss"]
[EventDate "2024.05.18"]

1. e4 {[%clk 01:30:57]} {[%emt 00:00:02]} e6 {[%clk 01:30:49]} {[%emt
00:00:12]} 2. d4 {[%clk 01:31:16]} {[%emt 00:00:10]} d5 {[%clk 01:30:32]}
{[%emt 00:00:48]} 3. Nd2 {[%clk 01:31:29]} {[%emt 00:00:16]} Nf6 {[%clk
01:30:05]} {[%emt 00:00:57]} 4. e5 {[%clk 01:31:47]} {[%emt 00:00:12]} Nfd7
{[%clk 01:30:28]} {[%emt 00:00:07]} 5. Bd3 {[%clk 01:32:02]} {[%emt 00:00:15]}
c5 {[%clk 01:29:59]} {[%emt 00:01:00]} 6. c3 {[%clk 01:32:24]} {[%emt
00:00:08]} Nc6 {[%clk 01:30:08]} {[%emt 00:00:21]} 7. Ne2 {[%clk 01:32:45]}
{[%emt 00:00:09]} Be7 {[%clk 01:29:29]} {[%emt 00:01:08]} 8. O-O {[%clk
01:32:15]} {[%emt 00:01:00]} O-O {[%clk 01:28:03]} {[%emt 00:01:55]} 9. Nf3
{[%clk 01:27:40]} {[%emt 00:05:05]} cxd4 {[%clk 01:26:24]} {[%emt 00:02:10]}
10. cxd4 {[%clk 01:28:01]} {[%emt 00:00:10]} f6 {[%clk 01:20:24]} {[%emt
00:06:29]} 11. exf6 {[%clk 01:28:16]} {[%emt 00:00:15]} Nxf6 {[%clk 01:18:54]}
{[%emt 00:02:00]} 12. Re1 {[%clk 01:23:39]} {[%emt 00:05:07]} Bd6 {[%clk
01:12:12]} {[%emt 00:07:13]} 13. Bf4 {[%clk 01:23:32]} {[%emt 00:00:36]} Bxf4
{[%clk 01:08:43]} {[%emt 00:04:00]} 14. Nxf4 {[%clk 01:23:54]} {[%emt
00:00:07]} Qd6 {[%clk 01:07:59]} {[%emt 00:01:15]} 15. g3 {[%clk 01:21:33]}
{[%emt 00:02:50]} Bd7 {[%clk 01:05:05]} {[%emt 00:03:24]} 16. a3 {[%clk
01:13:21]} {[%emt 00:08:43]} Rae8 {[%clk 01:01:27]} {[%emt 00:04:06]} 17. Ne5
{[%clk 01:09:31]} {[%emt 00:04:21]} Qe7 {[%clk 00:42:47]} {[%emt 00:19:11]} 18.
Rc1 {[%clk 00:59:00]} {[%emt 00:11:00]} Qd6 {[%clk 00:36:17]} {[%emt 00:07:00]}
19. Bb1 {[%clk 00:53:30]} {[%emt 00:05:59]} Re7 {[%clk 00:33:56]} {[%emt
00:02:51]} 20. Qd3 {[%clk 00:48:41]} {[%emt 00:05:19]} g5 {[%clk 00:28:47]}
{[%emt 00:05:40]} 21. Nh3 {[%clk 00:40:48]} {[%emt 00:08:22]} Rg7 {[%clk
00:26:39]} {[%emt 00:02:38]} 22. f4 {[%clk 00:32:13]} {[%emt 00:09:06]} gxf4
{[%clk 00:24:47]} {[%emt 00:02:22]} 23. Nxf4 {[%clk 00:32:26]} {[%emt
00:00:17]} Nxe5 {[%clk 00:23:09]} {[%emt 00:02:08]} 24. Rxe5 {[%clk 00:22:35]}
{[%emt 00:10:21]} Ng4 {[%clk 00:19:07]} {[%emt 00:04:31]} 25. Rg5 {[%clk
00:21:57]} {[%emt 00:01:08]} Rf5 {[%clk 00:15:01]} {[%emt 00:04:36]} 26. Rxg7+
{[%clk 00:20:45]} {[%emt 00:01:43]} Kxg7 {[%clk 00:15:23]} {[%emt 00:00:08]}
27. Qf3 {[%clk 00:20:35]} {[%emt 00:00:39]} Rg5 {[%clk 00:12:55]} {[%emt
00:02:59]} 28. h4 {[%clk 00:20:08]} {[%emt 00:00:56]} Qb6 {[%clk 00:12:26]}
{[%emt 00:01:00]} 29. Rd1 {[%clk 00:18:05]} {[%emt 00:02:33]} Ne5 {[%clk
00:12:17]} {[%emt 00:00:39]} 30. Qf2 {[%clk 00:15:55]} {[%emt 00:02:40]} Ng4
{[%clk 00:11:09]} {[%emt 00:01:37]} 31. Qe2 {[%clk 00:16:01]} {[%emt 00:00:24]}
Qb3 {[%clk 00:06:49]} {[%emt 00:04:51]} 32. Rd3 {[%clk 00:15:32]} {[%emt
00:00:59]} 1-0

[Event "ODJM B 2024"]
[Site "Willingen GER"]
[Date "2024.05.22"]
[Round "5"]
[White "Ziem, Ole"]
[Black "Averkova, Mariia"]
[Result "0-1"]
[Termination "normal"]
[Board "20"]
[WhiteElo "1636"]
[BlackElo "1608"]
[WhiteClock "00:21:49"]
[BlackClock "00:14:50"]
[PlyCount "74"]
[WhiteFideId "34624791"]
[BlackFideId "34651470"]
[EventCountry "GER"]
[EventRounds "9"]
[EventType "swiss"]
[EventDate "2024.05.18"]

1. e4 {[%clk 01:30:59]} {[%emt 00:00:01]} d5 {[%clk 01:30:54]} {[%emt
00:00:06]} 2. exd5 {[%clk 01:30:55]} {[%emt 00:00:33]} Nf6 {[%clk 01:31:17]}
{[%emt 00:00:07]} 3. d4 {[%clk 01:30:37]} {[%emt 00:00:48]} Nxd5 {[%clk
01:31:20]} {[%emt 00:00:28]} 4. Nf3 {[%clk 01:29:26]} {[%emt 00:01:41]} Bg4
{[%clk 01:30:16]} {[%emt 00:01:34]} 5. Bc4 {[%clk 01:28:18]} {[%emt 00:03:08]}
e6 {[%clk 01:27:48]} {[%emt 00:01:27]} 6. O-O {[%clk 01:26:00]} {[%emt
00:02:48]} Nc6 {[%clk 01:25:11]} {[%emt 00:03:08]} 7. c3 {[%clk 01:23:23]}
{[%emt 00:03:07]} Qf6 {[%clk 01:16:57]} {[%emt 00:08:42]} 8. Be2 {[%clk
01:18:40]} {[%emt 00:05:14]} h6 {[%clk 01:15:32]} {[%emt 00:01:56]} 9. Be3
{[%clk 01:17:42]} {[%emt 00:01:27]} O-O-O {[%clk 01:12:55]} {[%emt 00:03:08]}
10. a3 {[%clk 01:12:37]} {[%emt 00:05:35]} Bd6 {[%clk 01:03:49]} {[%emt
00:09:35]} 11. b4 {[%clk 01:09:51]} {[%emt 00:03:17]} g5 {[%clk 00:56:22]}
{[%emt 00:07:57]} 12. b5 {[%clk 01:05:51]} {[%emt 00:04:30]} Nce7 {[%clk
00:55:29]} {[%emt 00:01:22]} 13. c4 {[%clk 01:03:43]} {[%emt 00:02:39]} Nf4
{[%clk 00:55:22]} {[%emt 00:00:37]} 14. Nbd2 {[%clk 01:00:29]} {[%emt
00:03:44]} Nxe2+ {[%clk 00:44:58]} {[%emt 00:10:54]} 15. Qxe2 {[%clk 01:00:50]}
{[%emt 00:00:08]} c6 {[%clk 00:41:06]} {[%emt 00:04:22]} 16. Rfb1 {[%clk
00:58:03]} {[%emt 00:03:16]} Bc7 {[%clk 00:38:29]} {[%emt 00:03:08]} 17. Qf1
{[%clk 00:51:21]} {[%emt 00:07:10]} Bf5 {[%clk 00:35:15]} {[%emt 00:03:46]} 18.
Rb2 {[%clk 00:50:15]} {[%emt 00:01:32]} g4 {[%clk 00:35:15]} {[%emt 00:00:35]}
19. Ne1 {[%clk 00:50:05]} {[%emt 00:00:39]} c5 {[%clk 00:33:35]} {[%emt
00:02:09]} 20. Nb3 {[%clk 00:42:42]} {[%emt 00:07:54]} cxd4 {[%clk 00:28:31]}
{[%emt 00:05:35]} 21. Bd2 {[%clk 00:40:57]} {[%emt 00:02:14]} d3 {[%clk
00:25:56]} {[%emt 00:03:05]} 22. Rab1 {[%clk 00:39:06]} {[%emt 00:02:22]} Ng6
{[%clk 00:21:24]} {[%emt 00:05:02]} 23. Nc5 {[%clk 00:36:34]} {[%emt 00:03:02]}
Qe5 {[%clk 00:21:14]} {[%emt 00:00:38]} 24. g3 {[%clk 00:33:55]} {[%emt
00:03:11]} Qxc5 {[%clk 00:21:25]} {[%emt 00:00:18]} 25. a4 {[%clk 00:32:28]}
{[%emt 00:01:58]} Qxc4 {[%clk 00:20:26]} {[%emt 00:01:28]} 26. a5 {[%clk
00:31:57]} {[%emt 00:01:01]} b6 {[%clk 00:19:02]} {[%emt 00:01:54]} 27. Rc1
{[%clk 00:31:47]} {[%emt 00:00:40]} Qd5 {[%clk 00:19:13]} {[%emt 00:00:19]} 28.
axb6 {[%clk 00:31:28]} {[%emt 00:00:50]} axb6 {[%clk 00:19:35]} {[%emt
00:00:07]} 29. Be3 {[%clk 00:29:08]} {[%emt 00:02:50]} Kb7 {[%clk 00:17:09]}
{[%emt 00:02:56]} 30. Rc6 {[%clk 00:26:17]} {[%emt 00:03:21]} Rd6 {[%clk
00:16:39]} {[%emt 00:00:59]} 31. Rc3 {[%clk 00:25:55]} {[%emt 00:00:52]} Ra8
{[%clk 00:14:19]} {[%emt 00:02:49]} 32. Ng2 {[%clk 00:24:28]} {[%emt 00:01:59]}
Bd8 {[%clk 00:14:15]} {[%emt 00:00:34]} 33. Nf4 {[%clk 00:23:50]} {[%emt
00:01:07]} Nxf4 {[%clk 00:14:21]} {[%emt 00:00:25]} 34. Bxf4 {[%clk 00:24:15]}
{[%emt 00:00:05]} Bf6 {[%clk 00:14:04]} {[%emt 00:00:47]} 35. Bxd6 {[%clk
00:21:49]} {[%emt 00:02:57]} Bxc3 {[%clk 00:14:24]} {[%emt 00:00:10]} 36. Rb1
{[%clk 00:22:15]} {[%emt 00:00:03]} Qxd6 {[%clk 00:14:39]} {[%emt 00:00:14]}
37. Qg2+ {[%clk 00:21:49]} {[%emt 00:00:57]} Qd5 {[%clk 00:14:50]} {[%emt
00:00:19]} 0-1

[Event "ODJM B 2024"]
[Site "Willingen GER"]
[Date "2024.05.22"]
[Round "5"]
[White "Briese, Paul"]
[Black "Tomi, Emilian"]
[Result "0-1"]
[Termination "normal"]
[Board "21"]
[WhiteElo "1625"]
[BlackElo "1649"]
[WhiteClock "00:18:09"]
[BlackClock "00:41:39"]
[PlyCount "54"]
[WhiteFideId "16273826"]
[BlackFideId "34651829"]
[EventCountry "GER"]
[EventRounds "9"]
[EventType "swiss"]
[EventDate "2024.05.18"]

1. e4 {[%clk 01:30:59]} c5 {[%clk 01:30:57]} {[%emt 00:00:04]} 2. d3 {[%clk
01:31:15]} {[%emt 00:00:13]} Nc6 {[%clk 01:31:17]} {[%emt 00:00:11]} 3. Nd2
{[%clk 01:31:36]} {[%emt 00:00:08]} g6 {[%clk 01:31:42]} {[%emt 00:00:05]} 4.
Ngf3 {[%clk 01:31:46]} {[%emt 00:00:20]} e5 {[%clk 01:32:00]} {[%emt 00:00:12]}
5. g3 {[%clk 01:31:52]} {[%emt 00:00:24]} Bg7 {[%clk 01:32:24]} {[%emt
00:00:06]} 6. Bg2 {[%clk 01:32:12]} {[%emt 00:00:10]} Nge7 {[%clk 01:32:46]}
{[%emt 00:00:09]} 7. O-O {[%clk 01:31:29]} {[%emt 00:01:12]} O-O {[%clk
01:32:51]} {[%emt 00:00:25]} 8. Re1 {[%clk 01:31:24]} {[%emt 00:00:35]} d6
{[%clk 01:32:40]} {[%emt 00:00:41]} 9. Nf1 {[%clk 01:30:21]} {[%emt 00:03:32]}
h6 {[%clk 01:31:05]} {[%emt 00:00:07]} 10. h3 {[%clk 01:28:15]} {[%emt
00:02:36]} Be6 {[%clk 01:24:57]} {[%emt 00:06:38]} 11. g4 {[%clk 01:27:07]}
{[%emt 00:01:37]} Qd7 {[%clk 01:20:33]} {[%emt 00:04:55]} 12. Ng3 {[%clk
01:23:10]} {[%emt 00:04:26]} f5 {[%clk 01:12:44]} {[%emt 00:08:19]} 13. Nh2
{[%clk 01:13:36]} {[%emt 00:10:04]} Rf7 {[%clk 01:05:26]} {[%emt 00:07:49]} 14.
gxf5 {[%clk 00:56:30]} {[%emt 00:17:35]} gxf5 {[%clk 01:05:44]} {[%emt
00:00:12]} 15. exf5 {[%clk 00:55:47]} {[%emt 00:01:13]} Nxf5 {[%clk 01:04:31]}
{[%emt 00:01:42]} 16. Nxf5 {[%clk 00:54:59]} {[%emt 00:01:18]} Bxf5 {[%clk
01:03:31]} {[%emt 00:01:31]} 17. Bd5 {[%clk 00:54:33]} {[%emt 00:00:57]} Be6
{[%clk 01:02:58]} {[%emt 00:01:02]} 18. Bxe6 {[%clk 00:44:31]} {[%emt
00:10:32]} Qxe6 {[%clk 01:03:22]} {[%emt 00:00:06]} 19. Re3 {[%clk 00:43:36]}
{[%emt 00:01:25]} Raf8 {[%clk 00:59:57]} {[%emt 00:03:55]} 20. f4 {[%clk
00:31:48]} {[%emt 00:12:18]} Qg6+ {[%clk 00:58:57]} {[%emt 00:01:30]} 21. Kh1
{[%clk 00:26:57]} {[%emt 00:05:22]} exf4 {[%clk 00:59:08]} {[%emt 00:00:18]}
22. Rf3 {[%clk 00:26:52]} {[%emt 00:00:35]} Nd4 {[%clk 00:58:46]} {[%emt
00:00:52]} 23. Rf2 {[%clk 00:26:53]} {[%emt 00:00:27]} f3 {[%clk 00:46:32]}
{[%emt 00:12:46]} 24. c3 {[%clk 00:26:13]} {[%emt 00:01:10]} Qg3 {[%clk
00:46:37]} {[%emt 00:00:25]} 25. Qf1 {[%clk 00:24:58]} {[%emt 00:01:45]} Ne2
{[%clk 00:45:31]} {[%emt 00:01:37]} 26. Bd2 {[%clk 00:22:26]} {[%emt 00:03:02]}
Qh4 {[%clk 00:42:35]} {[%emt 00:03:25]} 27. Nxf3 {[%clk 00:18:09]} {[%emt
00:04:47]} Ng3+ {[%clk 00:41:39]} {[%emt 00:01:27]} 0-1

[Event "ODJM B 2024"]
[Site "Willingen GER"]
[Date "2024.05.22"]
[Round "5"]
[White "Kelembet, Artem"]
[Black "Grunert, Greta"]
[Result "1-0"]
[Termination "normal"]
[Board "22"]
[WhiteElo "1654"]
[BlackElo "1590"]
[WhiteClock "00:38:05"]
[BlackClock "00:12:39"]
[PlyCount "57"]
[WhiteFideId "34684727"]
[BlackFideId "16258649"]
[EventCountry "GER"]
[EventRounds "9"]
[EventType "swiss"]
[EventDate "2024.05.18"]

1. Nf3 {[%clk 01:30:59]} d5 {[%clk 01:30:52]} {[%emt 00:00:08]} 2. d4 {[%clk
01:31:22]} {[%emt 00:00:06]} e6 {[%clk 01:31:17]} {[%emt 00:00:06]} 3. c4
{[%clk 01:31:48]} {[%emt 00:00:04]} Nf6 {[%clk 01:31:39]} {[%emt 00:00:08]} 4.
Nc3 {[%clk 01:32:10]} {[%emt 00:00:08]} c6 {[%clk 01:31:28]} {[%emt 00:00:41]}
5. Bg5 {[%clk 01:32:32]} {[%emt 00:00:07]} Be7 {[%clk 01:31:26]} {[%emt
00:00:33]} 6. cxd5 {[%clk 01:32:52]} {[%emt 00:00:09]} cxd5 {[%clk 01:31:03]}
{[%emt 00:00:53]} 7. e3 {[%clk 01:32:46]} {[%emt 00:00:37]} Nbd7 {[%clk
01:30:26]} {[%emt 00:01:07]} 8. Bd3 {[%clk 01:32:11]} {[%emt 00:01:05]} Nh5
{[%clk 01:28:07]} {[%emt 00:02:49]} 9. Bxe7 {[%clk 01:32:11]} {[%emt 00:00:30]}
Qxe7 {[%clk 01:28:22]} {[%emt 00:00:15]} 10. O-O {[%clk 01:31:18]} {[%emt
00:01:23]} g6 {[%clk 01:26:10]} {[%emt 00:02:42]} 11. Rc1 {[%clk 01:26:53]}
{[%emt 00:04:55]} O-O {[%clk 01:25:31]} {[%emt 00:01:09]} 12. Qe2 {[%clk
01:22:44]} {[%emt 00:04:39]} Ng7 {[%clk 01:22:02]} {[%emt 00:03:58]} 13. Rfd1
{[%clk 01:16:19]} {[%emt 00:06:55]} Nf6 {[%clk 01:17:05]} {[%emt 00:05:28]} 14.
Na4 {[%clk 01:03:15]} {[%emt 00:13:35]} b6 {[%clk 01:05:06]} {[%emt 00:12:29]}
15. Ne5 {[%clk 00:58:37]} {[%emt 00:05:06]} Bb7 {[%clk 01:00:38]} {[%emt
00:04:59]} 16. Rc2 {[%clk 00:49:29]} {[%emt 00:09:38]} Rac8 {[%clk 00:55:28]}
{[%emt 00:05:40]} 17. Nc3 {[%clk 00:47:20]} {[%emt 00:02:39]} Nd7 {[%clk
00:48:49]} {[%emt 00:07:09]} 18. Nxd7 {[%clk 00:45:32]} {[%emt 00:02:18]} Qxd7
{[%clk 00:48:27]} {[%emt 00:00:51]} 19. Rdc1 {[%clk 00:44:51]} {[%emt
00:01:12]} Rc7 {[%clk 00:44:24]} {[%emt 00:04:34]} 20. Nb5 {[%clk 00:44:57]}
{[%emt 00:00:23]} Rxc2 {[%clk 00:44:10]} {[%emt 00:00:43]} 21. Rxc2 {[%clk
00:45:22]} {[%emt 00:00:06]} Ba6 {[%clk 00:43:01]} {[%emt 00:01:39]} 22. Rc7
{[%clk 00:45:02]} {[%emt 00:00:50]} Qd8 {[%clk 00:38:53]} {[%emt 00:04:38]} 23.
Rxa7 {[%clk 00:44:40]} {[%emt 00:00:52]} Bxb5 {[%clk 00:36:22]} {[%emt
00:03:01]} 24. Bxb5 {[%clk 00:45:05]} {[%emt 00:00:05]} Qd6 {[%clk 00:35:57]}
{[%emt 00:00:55]} 25. Qd2 {[%clk 00:39:18]} {[%emt 00:06:05]} Rd8 {[%clk
00:20:58]} {[%emt 00:15:40]} 26. Qc3 {[%clk 00:37:43]} {[%emt 00:02:05]} Qb8
{[%clk 00:18:56]} {[%emt 00:02:33]} 27. Qc7 {[%clk 00:37:22]} {[%emt 00:00:50]}
Nf5 {[%clk 00:13:14]} {[%emt 00:06:12]} 28. Qxf7+ {[%clk 00:37:40]} {[%emt
00:00:12]} Kh8 {[%clk 00:12:39]} {[%emt 00:01:05]} 29. Qxh7# {[%clk 00:38:05]}
{[%emt 00:00:05]} 1-0